| 000 | 01631cam a2200361 a 4500 | ||
|---|---|---|---|
| 001 | 644023 | ||
| 003 | ARRUPE | ||
| 005 | 20211007141335.0 | ||
| 008 | 930804s1991 gw b b 001 0 ger | ||
| 010 | _a 93187398 | ||
| 020 | _a387640326X (set) | ||
| 020 | _a3876403553 (v. 1) | ||
| 020 | _a3876403561 (v. 2) | ||
| 020 | _a387640357X (v. 3) | ||
| 020 | _a3876403588 (v. 4) | ||
| 020 | _a3876403596 (v. 5) | ||
| 040 |
_aDLC _cDLC _dDLC |
||
| 050 | 0 | 0 |
_aD842 _b.K66 1991 |
| 082 | 0 | 0 |
_a909.82 _220 |
| 245 | 0 | 0 |
_aKonflikte seit 1945 : _bDaten, Fakten, Hintergründe / _cherausgegeben von Frank R. Pfetsch. |
| 260 |
_aWürzburg : _bVerlag Ploetz Freiburg, _cc1991. |
||
| 300 |
_a5 v. : _bmaps ; _c22 cm. |
||
| 504 | _aIncludes bibliographical references and indexes. | ||
| 505 | 0 | _a[1] Europa / mit Beiträgen von Peter Billing ... [et al.] -- [2] Die arabisch-islamische Welt / mit Beiträgen von Bernhard J. Trautner und Peter Billing -- [3] Schwarzafrika / mit Beiträgen von Thomas Göttel und Peter Billing -- [4] Asien, Australien, und Ozeanien / mit Beiträgen von Sabine Klotz ... [et al.] -- [5] Amerika / mit Beiträgen von Hardi Schindler und Peter Billing | |
| 650 | 0 |
_aWorld politics _y1945-1989. _95070 |
|
| 650 | 0 |
_aRevolutions _xHistory _y20th century. _923687 |
|
| 650 | 0 |
_aMilitary history, Modern _y20th century. _94044 |
|
| 700 | 1 |
_aPfetsch, Frank R., _d1936- _950332 |
|
| 700 | 1 |
_aBilling, Peter, _d1961- _950333 |
|
| 906 |
_a7 _bcbc _corignew _d2 _encip _f19 _gy-gencatlg |
||
| 942 |
_2lcc _cMONOGRAPH |
||
| 999 |
_c130711 _d130711 |
||